| 000 | 00928cam a2200253 4500 | ||
|---|---|---|---|
| 008 | 020301n2002 000 0 eng u | ||
| 020 | _a1861343876 | ||
| 035 | _a(Sirsi) u116939 | ||
| 041 | _aeng. | ||
| 050 | _a306.114 | ||
| 100 | _aStephens, M. | ||
| 245 | _aSocial market or safety net? British social rented housing in a European context | ||
| 260 |
_aBristol _bThe Policy Press _c2002 |
||
| 300 |
_axi,49p. _c31cm. |
||
| 350 | _a13.95 | ||
| 520 | _aThis report provides a practical examination of the social rented sector in Britain and six other European countries: Denmark, France, FInland, Germany, the Netherlands and Sweden. The principal goal of the study was to inform the development of housing policy in Britain. | ||
| 650 | _aSOCIAL HOUSING | ||
| 650 | _aEUROPE | ||
| 650 | _aHOUSING POLICY | ||
| 690 |
_aAffordable housing _96215 |
||
| 700 | _aBurns, N. | ||
| 700 | _aMacKay, L. | ||
| 942 | _n0 | ||
| 999 |
_c101928 _d101928 |
||